| 000 | 00680nam a22001937a 4500 | ||
|---|---|---|---|
| 999 |
_c7095 _d7095 |
||
| 003 | AR-CdUCM | ||
| 008 | 190319b ||||| |||| 00| 0 spa d | ||
| 040 |
_aMUNICIPALIDAD PROVINCIAL DEL CUSCO _cBIBLIOTECA MUNICIPAL DEL CUSCO |
||
| 082 |
_a869.01958 / _bA8 |
||
| 245 | _aAntología de la poesía hispanoamericana contemporánea; 1914-1970 / | ||
| 260 |
_aMadrid : _bAlianza editorial, _c1971. |
||
| 300 |
_a508 páginas ; _c18 cm. |
||
| 650 |
_aPoesía latinoamericana - Siglo XX _919986 |
||
| 650 |
_aPoetas latinoamericanos _919987 |
||
| 650 |
_aPoesía - Antología _910300 |
||
| 700 |
_aJiménez, José Olivio (Compilador) _919988 |
||
| 942 |
_2ddc _cLIBROS |
||
| 945 | _alccs | ||